Nguyễn Công Hoan toàn tập
Đã lưu trong:
| Tác giả chính: | |
|---|---|
| Định dạng: | Sách |
| Ngôn ngữ: | Undetermined |
| Được phát hành: |
Hà nội
Văn học
2004
|
| Những chủ đề: | |
| Các nhãn: |
Thêm thẻ
Không có thẻ, Là người đầu tiên thẻ bản ghi này!
|
| Thư viện lưu trữ: | Trung tâm Học liệu Trường Đại học Cần Thơ |
|---|
| LEADER | 00565nam a2200181Ia 4500 | ||
|---|---|---|---|
| 001 | CTU_75902 | ||
| 008 | 210402s9999 xx 000 0 und d | ||
| 082 | |a 895.922308 | ||
| 082 | |b H406/ T.8 | ||
| 100 | |a Nguyễn, Công Hoan | ||
| 245 | 0 | |a Nguyễn Công Hoan toàn tập | |
| 245 | 0 | |c Nguyễn Công Hoan ; Lê Minh biên sưu tầm, biên soạn | |
| 260 | |a Hà nội | ||
| 260 | |b Văn học | ||
| 260 | |c 2004 | ||
| 650 | |a Shortstory vietnamese | ||
| 904 | |i Nguyên,Hải | ||
| 980 | |a Trung tâm Học liệu Trường Đại học Cần Thơ | ||